A Comunidade Internacional (Record no. 46282)

MARC details
000 -Etiqueta do registo
Valores 00532nam a2200205 4500
100 ## - Dados gerais de processamento
Dados gerais 20100406d1978 m y0pory5003 ba
101 0# - Língua de publicação
Língua por
102 ## - País de publicação
País PT
200 1# - Titulo e menção de responsabilidade
Título próprio A Comunidade Internacional
Informação de outro título Introducão à política II
Primeira menção de responsabilidade Fernando Luso Soares
205 ## - Menção da edição
Edição 1.ª ed.
210 ## - Publicação
Local de publicação Lisboa
Nome do editor Diabril
Data de publicação 1976
215 ## - Descrição física 
Paginação / Volumes 204 p.
Dimensões 18 cm
225 2# - Colecção 
Título próprio da colecção Logos
Indicação de volume 2
675 ## - CDU
Notação 327
675 ## - CDU
Notação 32
Edição BN
Língua por
700 #1 - Autor principal
Apelido Soares,
Nome Fernando Luso,
Datas 1924-
801 #0 - Fonte de origem
País PT
Agência BPMP
Regras de catalogação RPC
990 ## - Elementos KOHA
Tipo de documento Livro
Holdings
Aquisição Empréstimo Código de barras Cota Permissão de empréstimo Tipo de documento Nota relativa ao exemplar
Biblioteca Municipal de Redondo Biblioteca Municipal de Redondo 057390 327 SOA   Livro 057390

Powered by Koha